000 00942nmc a2200349 a 4500
003 AR-BaBNM
005 20251128205109.0
008 011101s1993 ||||||||||||||000 | spa||
020 _a968-16-0555-1
040 _cAR-BaBNM
245 1 0 _aEl pensamiento prefilosófico
_bEgipto y Mesopotamia. 1
250 _a1ª ed.
260 _aMéxico, D.F.
_bFondo de Cultura Económica
_c1993
300 _a286 p.
490 0 _aBreviarios
_vv. 97
500 _aContiene referencias bibliográficas al final de cada capítulo
650 4 _aRELIGION
650 4 _aEGIPTOLOGIA
650 4 _aRELIGION EGIPCIA
650 4 _aHISTORIA ANTIGUA
650 4 _aMITOLOGIA
650 4 _aCOSMOLOGIA
650 4 _aESTADO
653 _aFILOSOFIA ANTIGUA
700 1 _aFrankfort, H.
700 1 _aFrankfort, H.A.
700 1 _aWilson, J.A.
700 1 _aJacobsen, T.
700 1 _aGortari, Eli de
_etraductor
942 _cBK
998 _cMARTIN
999 _c9977
_d9977